La Corea contemporanea y Kim Zong Il / (Registro nro. 23406)
[ vista simple ]
| 000 -CABECERA | |
|---|---|
| campo de control de longitud fija | 00513nam a2200169 a 4500 |
| 001 - NÚMERO DE CONTROL | |
| campo de control | 000023910 |
| 005 - FECHA Y HORA DE LA ÚLTIMA TRANSACCIÓN | |
| campo de control | 20200930022549.0 |
| 008 - DATOS DE LONGITUD FIJA--INFORMACIÓN GENERAL | |
| campo de control de longitud fija | 110117s1984 ja a 000 0 spa d |
| 040 ## - FUENTE DE LA CATALOGACIÓN | |
| Centro catalogador/agencia de origen | DO-SdBNP |
| Lengua de catalogación | spa |
| Centro/agencia transcriptor | BNPHU |
| 082 ## - NÚMERO DE LA CLASIFICACIÓN DECIMAL DEWEY | |
| Número de clasificación | nn* |
| Número de documento/Ítem | nn* |
| 049 ## - FONDOS LOCALES (OCLC) | |
| Fondos de biblioteca | BNGR |
| 100 1# - ENTRADA PRINCIPAL--NOMBRE DE PERSONA | |
| Nombre de persona | Shuhachi, Inoue. |
| 9 (RLIN) | 49181 |
| 245 13 - MENCIÓN DE TÍTULO | |
| Título | La Corea contemporanea y Kim Zong Il / |
| Mención de responsabilidad, etc. | Shuhachi Inoue ; traducción Susumu Tsuchiya. |
| 260 ## - PUBLICACIÓN, DISTRIBUCIÓN, ETC. | |
| Lugar de publicación, distribución, etc. | Tokio : |
| Nombre del editor, distribuidor, etc. | Yuzankaku, |
| Fecha de publicación, distribución, etc. | 1984. |
| 300 ## - DESCRIPCIÓN FÍSICA | |
| Extensión | 305 p. : |
| Otras características físicas | il. ; |
| Dimensiones | 22 cm. |
| 700 1# - PUNTO DE ACCESO ADICIONAL--NOMBRE DE PERSONA | |
| Nombre de persona | Susumu, Tsuchiya, |
| Término indicativo de función/relación | tr. |
| 9 (RLIN) | 49182 |
| Estado de retiro | Estado de pérdida | Restricciones de uso | No para préstamo | Código de colección | Localización permanente | Ubicación/localización actual | Ubicación en estantería | Fecha de adquisición | Número de inventario | Total de préstamos | Signatura topográfica completa | Código de barras | Fecha visto por última vez | Precio válido a partir de | Tipo de ítem Koha | Número de copia |
|---|---|---|---|---|---|---|---|---|---|---|---|---|---|---|---|---|
| Monografías: Libros y Folletos | General | General | En catalogación | 17.01.2011 | LF1 | nn* nn* | 23910-10 | 25.06.2020 | 25.06.2020 | Préstamo en sala | ||||||
| Préstamo restrigido | Monografías: Libros y Folletos | General | General | En catalogación | 17.01.2011 | LF1 | nn* nn* | 23910-20 | 25.06.2020 | 25.06.2020 | Préstamo en sala | e. 2 |
